[Event "1 division 2002/03"]
[Site "Denmark"]
[Date "2003.03.16"]
[Round "7.6"]
[White "Pedersen, Karl"]
[Black "Hartung Nielsen, Jens"]
[Result "1/2-1/2"]
[WhiteElo "2305"]
[BlackElo "2224"]
[PlyCount "60"]
[EventDate "2002.11.03"]
[EventType "team-tourn"]
[EventRounds "7"]
[EventCountry "DEN"]
[WhiteTeam "Nordre"]
[BlackTeam "K41"]
[WhiteTeamCountry "DEN"]
[BlackTeamCountry "DEN"]

1. e4 c5 2. Nc3 e6 3. g3 d5 4. Bg2 Nf6 5. e5 Nfd7 6. f4 Nc6 7. Nf3 Be7 8. Qe2
O-O 9. b3 Rb8 10. Bb2 Qa5 11. O-O c4 12. Kh1 b5 13. Nd1 Nc5 14. Nd4 Nxd4 15.
Bxd4 b4 16. Nf2 Ba6 17. d3 Rbc8 18. f5 cxd3 19. cxd3 exf5 20. Bxc5 Qxc5 21. Bh3
g6 22. Bg2 Rfe8 23. Qf3 Rcd8 24. g4 Bc8 25. gxf5 Bxf5 26. Ng4 Bxg4 27. Qxg4 Bf8
28. d4 Qe7 29. Rac1 Bg7 30. Rc6 Qd7 1/2-1/2

[Event "1 division 2002/03"]
[Site "Denmark"]
[Date "2003.03.16"]
[Round "7.7"]
[White "Brondum, Eric"]
[Black "Holst, Per"]
[Result "1/2-1/2"]
[WhiteElo "2212"]
[BlackElo "2155"]
[PlyCount "51"]
[EventDate "2002.11.03"]
[EventType "team-tourn"]
[EventRounds "7"]
[EventCountry "DEN"]
[WhiteTeam "K41"]
[BlackTeam "Nordre"]
[WhiteTeamCountry "DEN"]
[BlackTeamCountry "DEN"]

1. d4 e6 2. g3 Nf6 3. Nf3 b6 4. Bg2 Bb7 5. O-O Be7 6. c4 O-O 7. Nc3 d5 8. cxd5
exd5 9. Bf4 Nbd7 10. Rc1 c6 11. Re1 Re8 12. Qb3 Bf8 13. e4 Nxe4 14. Nxe4 dxe4
15. Ng5 Qf6 16. Bxe4 g6 17. Bg2 h6 18. Ne4 Qe6 19. Qc3 Qf5 20. Nd6 Bxd6 21.
Bxd6 Nf6 22. Qf3 Qxf3 23. Bxf3 Nd5 24. a3 Rad8 25. Rxe8+ Rxe8 26. Bxd5 1/2-1/2

[Event "1 division 2002/03"]
[Site "Denmark"]
[Date "2003.03.16"]
[Round "7.8"]
[White "Danstrup, Niels"]
[Black "Jorgensen, Brian"]
[Result "1/2-1/2"]
[WhiteElo "2130"]
[BlackElo "2255"]
[PlyCount "91"]
[EventDate "2002.11.03"]
[EventType "team-tourn"]
[EventRounds "7"]
[EventCountry "DEN"]
[WhiteTeam "Nordre"]
[BlackTeam "K41"]
[WhiteTeamCountry "DEN"]
[BlackTeamCountry "DEN"]

1. e4 c5 2. c3 d5 3. exd5 Qxd5 4. d4 Nf6 5. Nf3 Nc6 6. Be2 e6 7. O-O Be7 8. Be3
cxd4 9. cxd4 O-O 10. Nc3 Qd6 11. a3 b6 12. b4 Bb7 13. Qb3 Rac8 14. Rac1 a5 15.
Nb5 Qb8 16. bxa5 Nxa5 17. Qa4 Bd5 18. Nd2 Ne4 19. Nc4 Nxc4 20. Bxc4 Bxc4 21.
Rxc4 Nd6 22. Rxc8 Rxc8 23. Bf4 Rd8 24. Rc1 h5 25. h4 Bf8 26. Rc6 g6 27. Qa6 Qb7
28. Qxb7 Nxb7 29. Rxb6 Na5 30. Ra6 Nb3 31. Be5 Bg7 32. Bxg7 Kxg7 33. Ra4 Rc8
34. Rb4 Rc1+ 35. Kh2 Nd2 36. g3 Nf3+ 37. Kg2 Ne1+ 38. Kh2 Nd3 39. Rb3 Nxf2 40.
a4 Ng4+ 41. Kg2 Rc2+ 42. Kg1 Rc1+ 43. Kg2 Rc2+ 44. Kf1 Ra2 45. Ra3 Rb2 46. Rc3
1/2-1/2

[Event "1 division 2002/03"]
[Site "Denmark"]
[Date "2003.03.16"]
[Round "7.1"]
[White "Ost Hansen, Jacob"]
[Black "Holst, Allan"]
[Result "1-0"]
[WhiteElo "2425"]
[BlackElo "2369"]
[PlyCount "61"]
[EventDate "2002.11.03"]
[EventType "team-tourn"]
[EventRounds "7"]
[EventCountry "DEN"]
[WhiteTeam "Sydkysten"]
[BlackTeam "SK 1968"]
[WhiteTeamCountry "DEN"]
[BlackTeamCountry "DEN"]

1. g3 Nf6 2. Bg2 d6 3. e4 e5 4. Nc3 c6 5. Nge2 b5 6. a3 Bb7 7. O-O Nbd7 8. h3
a5 9. d3 b4 10. Na4 d5 11. Be3 dxe4 12. dxe4 c5 13. f3 Be7 14. c3 O-O 15. Qc2
Qb8 16. Rfd1 b3 17. Qxb3 Bc6 18. Qc2 c4 19. f4 Qb5 20. fxe5 Ne8 21. Rxd7 Bxd7
22. Nb6 Rd8 23. Nd5 Bc5 24. Nd4 Qb7 25. Qe2 Rc8 26. Rf1 Be6 27. Rf4 Nc7 28.
Nf6+ gxf6 29. exf6 Bd6 30. e5 Qa6 31. Qh5 1-0

[Event "1 division 2002/03"]
[Site "Denmark"]
[Date "2003.03.16"]
[Round "7.2"]
[White "Lindfeldt, Jan Magnus"]
[Black "Larsen, Steen Skovlund"]
[Result "1-0"]
[WhiteElo "2246"]
[BlackElo "2318"]
[PlyCount "41"]
[EventDate "2002.11.03"]
[EventType "team-tourn"]
[EventRounds "7"]
[EventCountry "DEN"]
[WhiteTeam "SK 1968"]
[BlackTeam "Sydkysten"]
[WhiteTeamCountry "DEN"]
[BlackTeamCountry "DEN"]

1. e4 c5 2. Nf3 Nc6 3. Bb5 d6 4. O-O Bd7 5. c3 Nf6 6. d4 Nxe4 7. Re1 Nf6 8. Bg5
cxd4 9. cxd4 d5 10. Nc3 a6 11. Bxf6 axb5 12. Nxb5 Bg4 13. Bh4 Rc8 14. h3 Bh5
15. Rc1 Bxf3 16. Qxf3 Qd7 17. Rc5 Rd8 18. Rxd5 Qc8 19. Bg3 Rxd5 20. Qxd5 Qd7
21. Nd6+ 1-0

[Event "1 division 2002/03"]
[Site "Denmark"]
[Date "2003.03.16"]
[Round "7.3"]
[White "Ejsing, Esben"]
[Black "Matthiesen, Martin"]
[Result "1-0"]
[WhiteElo "2311"]
[BlackElo "2285"]
[PlyCount "87"]
[EventDate "2002.11.03"]
[EventType "team-tourn"]
[EventRounds "7"]
[EventCountry "DEN"]
[WhiteTeam "Sydkysten"]
[BlackTeam "SK 1968"]
[WhiteTeamCountry "DEN"]
[BlackTeamCountry "DEN"]

1. e4 e5 2. Nf3 Nc6 3. Bb5 a6 4. Ba4 Nf6 5. d4 exd4 6. O-O Be7 7. Re1 O-O 8. e5
Nd5 9. Bb3 Nb6 10. Nxd4 Nxd4 11. Qxd4 d5 12. exd6 Bxd6 13. Bf4 Bxf4 14. Qxf4
Be6 15. Bxe6 fxe6 16. Qe4 Rf6 17. Nc3 Nd5 18. Ne2 b5 19. Nd4 Qd6 20. Rad1 Re8
21. Nf3 c6 22. Ng5 Rg6 23. h4 Qf4 24. Qxf4 Nxf4 25. g3 Nd5 26. f4 Rf6 27. Rd4
h6 28. Nf3 Re7 29. c3 Kf8 30. Rde4 c5 31. c4 Nb4 32. Rd1 Nxa2 33. Ne5 Ke8 34.
Ra1 Nb4 35. cxb5 Rb7 36. bxa6 Ra7 37. Ra5 Rxa6 38. Rxc5 Nd5 39. Rc8+ Ke7 40.
Rg8 Kd6 41. Rc4 Nb6 42. Rc6+ Kd5 43. Rb8 Ra1+ 44. Kf2 1-0

[Event "1 division 2002/03"]
[Site "Denmark"]
[Date "2003.03.16"]
[Round "7.4"]
[White "Bank, Pelle Rodkjaer"]
[Black "Larsen, Peter"]
[Result "1/2-1/2"]
[WhiteElo "2279"]
[BlackElo "2277"]
[PlyCount "74"]
[EventDate "2002.11.03"]
[EventType "team-tourn"]
[EventRounds "7"]
[EventCountry "DEN"]
[WhiteTeam "SK 1968"]
[BlackTeam "Sydkysten"]
[WhiteTeamCountry "DEN"]
[BlackTeamCountry "DEN"]

1. e4 c5 2. Nf3 e6 3. Nc3 Nc6 4. Bb5 Nd4 5. O-O Nxb5 6. Nxb5 a6 7. Nc3 d6 8. d4
Be7 9. dxc5 dxc5 10. Qe2 Nf6 11. a4 b6 12. Bf4 Bb7 13. Rfd1 Qc8 14. Ne5 O-O 15.
Nc4 Qc6 16. Bd6 Rfe8 17. Bxe7 Rxe7 18. Rd6 Qc7 19. Rxb6 Nd5 20. Rb3 Nb4 21. Nd1
f5 22. f3 Rd8 23. Nf2 a5 24. Na3 Ba6 25. Nb5 Qe5 26. c3 c4 27. Qxc4 Nc2 28. Rc1
Rd2 29. Qc6 Qf4 30. Rf1 Ne3 31. Re1 Rxf2 32. Kxf2 Ng4+ 33. Kf1 Nxh2+ 34. Kg1
Nxf3+ 35. gxf3 Qg3+ 36. Kf1 Qxf3+ 37. Kg1 Qg3+ 1/2-1/2

[Event "1 division 2002/03"]
[Site "Denmark"]
[Date "2003.03.16"]
[Round "7.5"]
[White "Strange, Mikkel"]
[Black "Matthiesen, Arne"]
[Result "1-0"]
[WhiteElo "2252"]
[BlackElo "2286"]
[PlyCount "53"]
[EventDate "2002.11.03"]
[EventType "team-tourn"]
[EventRounds "7"]
[EventCountry "DEN"]
[WhiteTeam "Sydkysten"]
[BlackTeam "SK 1968"]
[WhiteTeamCountry "DEN"]
[BlackTeamCountry "DEN"]

1. e4 e6 2. d4 d5 3. Nc3 Nf6 4. e5 Nfd7 5. f4 c5 6. Nf3 Nc6 7. Be3 a6 8. Qd2 b5
9. dxc5 Nxc5 10. Qf2 Na4 11. Nxa4 bxa4 12. a3 Rb8 13. c3 Qc7 14. Bd3 Na5 15.
Rd1 Nc4 16. Bc1 Bc5 17. Nd4 Qb6 18. Bxc4 dxc4 19. Qe2 O-O 20. O-O Bd7 21. Kh1
Bb5 22. f5 exf5 23. Nxf5 Qg6 24. Be3 Qc6 25. Qg4 g6 26. Nh6+ Kg7 27. Bg5 1-0

[Event "1 division 2002/03"]
[Site "Denmark"]
[Date "2003.03.16"]
[Round "7.6"]
[White "Hansen, Lars"]
[Black "Pedersen, Hans Dahl"]
[Result "1-0"]
[WhiteElo "2217"]
[BlackElo "2211"]
[PlyCount "50"]
[EventDate "2002.11.03"]
[EventType "team-tourn"]
[EventRounds "7"]
[EventCountry "DEN"]
[WhiteTeam "SK 1968"]
[BlackTeam "Sydkysten"]
[WhiteTeamCountry "DEN"]
[BlackTeamCountry "DEN"]

1. e4 c6 2. d3 d5 3. Nd2 g6 4. Ngf3 Bg7 5. g3 Bg4 6. Bg2 Nf6 7. h3 Bxf3 8. Qxf3
Nbd7 9. O-O O-O 10. Qe2 dxe4 11. dxe4 e5 12. a4 Nc5 13. Nc4 Qc7 14. b3 Rfe8 15.
Bb2 Nfd7 16. Rad1 Bf8 17. f4 exf4 18. Rxf4 Nb6 19. Rdf1 Re7 20. Bf6 Re6 21. Ne3
Bh6 22. Rh4 Bxe3+ 23. Qxe3 Nd5 24. Qxc5 Nxf6 25. Rhf4 Nh5 {Tid} 1-0

[Event "1 division 2002/03"]
[Site "Denmark"]
[Date "2003.03.16"]
[Round "7.7"]
[White "Pedersen, Henrik Dahl"]
[Black "Sobjerg, Erik"]
[Result "1-0"]
[WhiteElo "2242"]
[BlackElo "2251"]
[PlyCount "117"]
[EventDate "2002.11.03"]
[EventType "team-tourn"]
[EventRounds "7"]
[EventCountry "DEN"]
[WhiteTeam "Sydkysten"]
[BlackTeam "SK 1968"]
[WhiteTeamCountry "DEN"]
[BlackTeamCountry "DEN"]

1. d4 d5 2. Nf3 Nc6 3. c4 Bg4 4. Nc3 Nf6 5. cxd5 Nxd5 6. e4 Bxf3 7. gxf3 Nxc3
8. bxc3 e5 9. d5 Nb8 10. Rb1 Bd6 11. Be3 b6 12. Bb5+ Kf8 13. Qa4 g6 14. h4 h5
15. Ke2 a6 16. Rbg1 Kg7 17. Rg5 Nd7 18. Bc6 b5 19. Qc2 Rb8 20. f4 f6 21. Rg2
exf4 22. Bxd7 Qxd7 23. e5 Qf7 24. Rhg1 fxe5 25. Rxg6+ Kf8 26. R1g5 Ke8 27. Rg7
Qxd5 28. Qf5 Be7 29. Qxe5 Qxe5 30. Rxe5 fxe3 31. Rexe7+ Kf8 32. f4 b4 33. c4 b3
34. axb3 Rxb3 35. Rxc7 Rh6 36. Rgf7+ Kg8 37. f5 Rd6 38. f6 Rd2+ 39. Kf3 e2+ 40.
Kf2 e1=Q+ 41. Kxe1 Rg2 42. Rg7+ Rxg7 43. Rxg7+ Kf8 44. Kd2 Rf3 45. Rh7 Rxf6 46.
Rxh5 Rf4 47. Kc3 Ke7 48. Kb4 Kd6 49. Rd5+ Kc6 50. h5 Rh4 51. Rg5 Kb6 52. Rg6+
Kb7 53. h6 Rh5 54. Rg7+ Kb6 55. c5+ Kc6 56. Rg6+ Kb7 57. Kc4 Ka7 58. Rg7+ Kb8
59. h7 1-0

[Event "1 division 2002/03"]
[Site "Denmark"]
[Date "2003.03.16"]
[Round "7.8"]
[White "Christensen, Thomas"]
[Black "Krogh, Peter Ove"]
[Result "1-0"]
[WhiteElo "2221"]
[BlackElo "2018"]
[PlyCount "85"]
[EventDate "2002.11.03"]
[EventType "team-tourn"]
[EventRounds "7"]
[EventCountry "DEN"]
[WhiteTeam "SK 1968"]
[BlackTeam "Sydkysten"]
[WhiteTeamCountry "DEN"]
[BlackTeamCountry "DEN"]

1. d4 Nf6 2. c4 e6 3. Nf3 b6 4. a3 Be7 5. Nc3 d5 6. cxd5 Nxd5 7. e4 Nxc3 8.
bxc3 O-O 9. h4 c5 10. Be3 Qc7 11. Rc1 Bb7 12. Bd3 c4 13. Bc2 Bxa3 14. Rb1 Nd7
15. e5 f6 16. exf6 Bxf3 17. Qxf3 Nxf6 18. O-O Rae8 19. Qe2 Nd5 20. Bd2 Bd6 21.
Ba4 Re7 22. Bb5 Bf4 23. Be1 Kh8 24. g3 Bd6 25. f4 Qc8 26. Ra1 a5 27. Bd2 h6 28.
Bxc4 Qc7 29. Rac1 Qc8 30. Bd3 Qe8 31. c4 Nb4 32. Bb1 Qf7 33. h5 Rc8 34. g4 Rec7
35. Rf2 Qf6 36. Qe4 g6 37. hxg6 Kg7 38. g5 Qf5 39. gxh6+ Kf6 40. Qg2 Qh5 41.
Qg5+ Qxg5+ 42. fxg5+ Ke7 43. g7 1-0

[Event "1 division 2002/03"]
[Site "Denmark"]
[Date "2003.03.16"]
[Round "7.1"]
[White "Nielsen, Peter Heine"]
[Black "Palo, Davor"]
[Result "1-0"]
[WhiteElo "2620"]
[BlackElo "2489"]
[PlyCount "115"]
[EventDate "2002.11.03"]
[EventType "team-tourn"]
[EventRounds "7"]
[EventCountry "DEN"]
[WhiteTeam "Helsinge"]
[BlackTeam "Skolerne"]
[WhiteTeamCountry "DEN"]
[BlackTeamCountry "DEN"]

1. e4 c5 2. Nf3 Nc6 3. d4 cxd4 4. Nxd4 e5 5. Nb5 d6 6. N1c3 a6 7. Na3 b5 8. Nd5
Nce7 9. c4 Nxd5 10. exd5 bxc4 11. Nxc4 Nf6 12. Be3 Rb8 13. Be2 Be7 14. a4 O-O
15. O-O Bb7 16. Nb6 Nd7 17. a5 f5 18. Rc1 Nf6 19. f4 Ne4 20. Bf3 exf4 21. Bxf4
Bf6 22. Bxe4 fxe4 23. Qd2 Qe7 24. Qb4 Rbd8 25. Rce1 Rfe8 26. Qd2 Bc8 27. Qb4
Bg4 28. h3 Bh5 29. Nc4 Bd4+ 30. Be3 Bc5 31. Qd2 Qc7 32. Rc1 Qb7 33. Bxc5 dxc5
34. Ne3 Qb4 35. Qxb4 cxb4 36. Rc7 Rf8 37. Rb7 Be2 38. Rxf8+ Kxf8 39. Rxb4 Bd3
40. Rb7 Bb5 41. Kf2 Rc8 42. Kg3 Rc1 43. Kf4 Rb1 44. d6 Re1 45. h4 h6 46. h5 Re2
47. b4 Rd2 48. Rb6 Kf7 49. Ke5 Rd3 50. Kxe4 Rb3 51. Nd5 Ke6 52. Nc7+ Kd7 53.
Nxb5 axb5 54. Kd5 Rxb4 55. Rb7+ Kc8 56. a6 Ra4 57. d7+ Kd8 58. a7 1-0

[Event "1 division 2002/03"]
[Site "Denmark"]
[Date "2003.03.16"]
[Round "7.2"]
[White "Rasmussen, Karsten"]
[Black "Schandorff, Lars"]
[Result "1/2-1/2"]
[WhiteElo "2386"]
[BlackElo "2546"]
[PlyCount "33"]
[EventDate "2002.11.03"]
[EventType "team-tourn"]
[EventRounds "7"]
[EventCountry "DEN"]
[WhiteTeam "Skolerne"]
[BlackTeam "Helsinge"]
[WhiteTeamCountry "DEN"]
[BlackTeamCountry "DEN"]

1. c4 Nf6 2. Nc3 e6 3. e4 d5 4. e5 d4 5. exf6 dxc3 6. bxc3 Qxf6 7. Nf3 e5 8. d4
exd4 9. Bg5 Qe6+ 10. Be2 Be7 11. cxd4 Bxg5 12. Nxg5 Qe7 13. Qd2 O-O 14. O-O Nc6
15. d5 Ne5 16. Rfe1 Bf5 17. Qf4 1/2-1/2

[Event "1 division 2002/03"]
[Site "Denmark"]
[Date "2003.03.16"]
[Round "7.3"]
[White "Pedersen, Steffen"]
[Black "Sorensen, Jan"]
[Result "1/2-1/2"]
[WhiteElo "2443"]
[BlackElo "2405"]
[PlyCount "113"]
[EventDate "2002.11.03"]
[EventType "team-tourn"]
[EventRounds "7"]
[EventCountry "DEN"]
[WhiteTeam "Helsinge"]
[BlackTeam "Skolerne"]
[WhiteTeamCountry "DEN"]
[BlackTeamCountry "DEN"]

1. d4 e6 2. Nf3 Nf6 3. c4 c5 4. d5 exd5 5. cxd5 Bd6 6. g3 Bc7 7. d6 Ba5+ 8. Nc3
O-O 9. Bg2 Ne4 10. Qd3 Qf6 11. Bd2 Bxc3 12. Bxc3 Nxc3 13. bxc3 Nc6 14. Nd2 Nb4
15. Qe4 Qxc3 16. Rd1 Nxa2 17. O-O Qd4 18. Qxd4 cxd4 19. Nb1 a5 20. Rxd4 Ra6 21.
Rd2 Nb4 22. Nc3 b5 23. Ra1 Nc6 24. Nxb5 Bb7 25. Nc7 Rb6 26. Nd5 Rb5 27. Nc7 Rb6
28. f4 Rb8 29. Kf2 f6 30. Bh3 Bc8 31. Bg2 Bb7 32. Bh3 Bc8 33. Rc1 Kf8 34. Bg2
Bb7 35. Nd5 Rb5 36. Bh3 Bc8 37. Bg2 Bb7 38. Nc7 Rb6 39. Rc3 Nd8 40. Bh3 Bc6 41.
Ra3 a4 42. Nd5 Rb2 43. Rxb2 Rxb2 44. Nc3 Rb3 45. Rxb3 axb3 46. Bf5 g6 47. Bd3
Nb7 48. Ke3 Nxd6 49. Kd4 Ke7 50. Kc5 Ke6 51. Kb4 b2 52. Kb3 Nf5 53. e4 Ne3 54.
Kxb2 d5 55. exd5+ Bxd5 56. Kc1 Ng4 57. f5+ 1/2-1/2

[Event "1 division 2002/03"]
[Site "Denmark"]
[Date "2003.03.16"]
[Round "7.4"]
[White "El Kher, Henrik"]
[Black "Berg, Klaus"]
[Result "1/2-1/2"]
[WhiteElo "2390"]
[BlackElo "2427"]
[PlyCount "43"]
[EventDate "2002.11.03"]
[EventType "team-tourn"]
[EventRounds "7"]
[EventCountry "DEN"]
[WhiteTeam "Skolerne"]
[BlackTeam "Helsinge"]
[WhiteTeamCountry "DEN"]
[BlackTeamCountry "DEN"]

1. e4 c6 2. d4 d5 3. e5 Bf5 4. Nc3 e6 5. g4 Bg6 6. Nge2 f6 7. Nf4 fxe5 8. Nxe6
Qe7 9. Nxf8 exd4+ 10. Be2 dxc3 11. Nxg6 hxg6 12. Qd3 Nf6 13. Qxg6+ Kd8 14. bxc3
Nbd7 15. Be3 Ne5 16. Qg5 Kc7 17. O-O Rae8 18. Bf4 Ne4 19. Qxe7+ Rxe7 20. f3
Nxc3 21. Bd3 Rf8 22. Bg3 1/2-1/2

[Event "1 division 2002/03"]
[Site "Denmark"]
[Date "2003.03.16"]
[Round "7.5"]
[White "Hutters, Tomas"]
[Black "Kjeldsen, Jens"]
[Result "1-0"]
[WhiteElo "2392"]
[BlackElo "2435"]
[PlyCount "79"]
[EventDate "2002.11.03"]
[EventType "team-tourn"]
[EventRounds "7"]
[EventCountry "DEN"]
[WhiteTeam "Helsinge"]
[BlackTeam "Skolerne"]
[WhiteTeamCountry "DEN"]
[BlackTeamCountry "DEN"]

1. d4 g6 2. c4 Bg7 3. e4 d6 4. Nc3 Nf6 5. Nf3 O-O 6. h3 Na6 7. Bg5 Qe8 8. g4 c5
9. d5 e6 10. Qe2 exd5 11. exd5 Nc7 12. O-O-O Qd7 13. Qd2 b5 14. Qf4 Nfe8 15.
Bh6 Rb8 16. Bxg7 Kxg7 17. Nd2 Ba6 18. h4 f6 19. Rh3 Rf7 20. Re3 bxc4 21. Bxc4
Bxc4 22. Nxc4 a6 23. Ne4 Rb4 24. b3 Nb5 25. a3 Rxc4+ 26. bxc4 Nd4 27. Nc3 h6
28. Rxd4 g5 29. Qe4 cxd4 30. Qxd4 gxh4 31. Qe4 Nc7 32. Ne2 f5 33. Qd4+ Kg8 34.
Nf4 fxg4 35. Ne6 h5 36. Qe4 Rg7 37. Nxc7 g3 38. fxg3 hxg3 39. Ne8 g2 40. Qxg2
1-0

[Event "1 division 2002/03"]
[Site "Denmark"]
[Date "2003.03.16"]
[Round "7.6"]
[White "Boe, Mads"]
[Black "Fries Nielsen, Niels Jorgen"]
[Result "1/2-1/2"]
[WhiteElo "2372"]
[BlackElo "2379"]
[PlyCount "127"]
[EventDate "2002.11.03"]
[EventType "team-tourn"]
[EventRounds "7"]
[EventCountry "DEN"]
[WhiteTeam "Skolerne"]
[BlackTeam "Helsinge"]
[WhiteTeamCountry "DEN"]
[BlackTeamCountry "DEN"]

1. e4 c5 2. c3 Qa5 3. Nf3 Nc6 4. d3 d6 5. Be2 g6 6. O-O Nf6 7. Re1 Bg7 8. Bf1
O-O 9. h3 Bd7 10. d4 cxd4 11. cxd4 d5 12. e5 Ne4 13. Nbd2 Nxd2 14. Bxd2 Qb6 15.
Bc3 Rfc8 16. Qd2 a5 17. Rab1 Bf5 18. Rbc1 a4 19. g4 Bd7 20. Bg2 Bf8 21. a3 h6
22. Nh4 e6 23. f4 Qd8 24. Nf3 b5 25. Bf1 Qb6 26. Bd3 b4 27. axb4 Nxb4 28. Bb1
a3 29. bxa3 Rxa3 30. h4 Rc4 31. Kh1 Qc6 32. Re3 Na6 33. Ba2 Rca4 34. Bb2 Rxe3
35. Qxe3 Qb5 36. Bb3 Rb4 37. Rc3 Qf1+ 38. Ng1 Qb1 39. Ba3 Rb8 40. Bxf8 Kxf8 41.
Bc2 Qf1 42. Bd3 Qa1 43. Qc1 Qxc1 44. Rxc1 Nb4 45. Rb1 Nc6 46. Rxb8+ Nxb8 47.
Ne2 Nc6 48. Kg2 Nb4 49. Nc1 Ba4 50. Kf2 Bd1 51. g5 hxg5 52. hxg5 Ke7 53. Ke3
Bc2 54. Bb5 Bf5 55. Kd2 Nc2 56. Nb3 Kd8 57. Be2 Kc7 58. Bd1 Na3 59. Kc3 Nc4 60.
Bf3 Ne3 61. Kd2 Nc4+ 62. Kc3 Ne3 63. Kd2 Nc4+ 64. Kc3 1/2-1/2

[Event "1 division 2002/03"]
[Site "Denmark"]
[Date "2003.03.16"]
[Round "7.7"]
[White "Bekker Jensen, Simon"]
[Black "Vinter Schou, Uffe"]
[Result "0-1"]
[WhiteElo "2348"]
[BlackElo "2351"]
[PlyCount "150"]
[EventDate "2002.11.03"]
[EventType "team-tourn"]
[EventRounds "7"]
[EventCountry "DEN"]
[WhiteTeam "Helsinge"]
[BlackTeam "Skolerne"]
[WhiteTeamCountry "DEN"]
[BlackTeamCountry "DEN"]

1. d4 Nf6 2. c4 c5 3. d5 e6 4. Nc3 exd5 5. cxd5 Bd6 6. Nf3 Bc7 7. g3 d6 8. Bg2
O-O 9. O-O a6 10. a4 Nbd7 11. h3 Rb8 12. Qd3 Re8 13. Re1 Ba5 14. Bd2 b5 15.
axb5 axb5 16. Ne4 Bxd2 17. Nexd2 c4 18. Qd4 Nc5 19. b3 cxb3 20. Qb2 Bb7 21. Nd4
Qb6 22. N2xb3 Nxb3 23. Nxb3 Bxd5 24. Bxd5 Nxd5 25. Red1 Re5 26. Nd4 Nc7 27. Qb4
Re4 28. Qb2 Re5 29. Qb4 Rc5 30. Nb3 Rd5 31. Rdc1 Ne6 32. Qc3 h6 33. e3 Nc5 34.
Nd4 b4 35. Qc4 Rh5 36. h4 Qb7 37. Rcb1 Ne4 38. Nc6 Nd2 39. Qxb4 Nxb1 40. Rxb1
Rb5 41. Qxb5 Qxb5 42. Rxb5 Rxb5 43. Kg2 h5 44. Kf3 f6 45. Nd4 Ra5 46. Ke4 Re5+
47. Kf3 Kf7 48. Ne2 g5 49. Nd4 Ra5 50. Ne2 Ra2 51. Nd4 Rd2 52. Nf5 g4+ 53. Kg2
Rd5 54. Nd4 Ke7 55. Ne2 Re5 56. Kf1 Kd7 57. Nf4 Kc6 58. Ng6 Ra5 59. Ke2 Kd5 60.
Kf1 Ke4 61. Kg2 d5 62. Ne7 Ra7 63. Nc6 Ra4 64. Ne7 d4 65. exd4 Rxd4 66. Ng6 Rd5
67. Nf4 Rf5 68. Ne2 Kd3 69. Kf1 Ra5 70. Nf4+ Kd2 71. Kg2 Rf5 72. Ne6 Ke1 73.
Nf4 Rxf4 74. gxf4 Ke2 75. Kg3 Kd3 0-1

[Event "1 division 2002/03"]
[Site "Denmark"]
[Date "2003.03.16"]
[Round "7.8"]
[White "Ochsner, Thomas"]
[Black "Bekker Jensen, David"]
[Result "1/2-1/2"]
[WhiteElo "2355"]
[BlackElo "2338"]
[PlyCount "112"]
[EventDate "2002.11.03"]
[EventType "team-tourn"]
[EventRounds "7"]
[EventCountry "DEN"]
[WhiteTeam "Skolerne"]
[BlackTeam "Helsinge"]
[WhiteTeamCountry "DEN"]
[BlackTeamCountry "DEN"]

1. g3 g6 2. Bg2 Bg7 3. d4 Nf6 4. e4 d6 5. Nc3 O-O 6. Nge2 e5 7. h3 c6 8. a4 a5
9. Be3 Nbd7 10. O-O Re8 11. g4 h5 12. g5 Nh7 13. Qd2 exd4 14. Nxd4 Ne5 15. f4
Nc4 16. Qe2 Nxe3 17. Qxe3 d5 18. Rad1 Qb6 19. e5 Nf8 20. Nf5 Qxe3+ 21. Nxe3 Ne6
22. Ne2 Nxg5 23. fxg5 Rxe5 24. Kf2 Bd7 25. Nd4 h4 26. Nf3 Re4 27. b3 Rae8 28.
Rd3 d4 29. Nc4 Re2+ 30. Kg1 Bf5 31. Rd2 Bxc2 32. Rxe2 Rxe2 33. Rf2 Rxf2 34.
Kxf2 Bxb3 35. Nxa5 Bxa4 36. Nxb7 d3 37. Ke3 Bb5 38. Bf1 Bf8 39. Bxd3 Ba4 40.
Bc4 Be7 41. Kf4 Kg7 42. Nxh4 c5 43. Nf3 Bc6 44. Na5 Bxf3 45. Kxf3 Bxg5 46. Ke4
Bf6 47. Kd5 Kh6 48. Kxc5 Bc3 49. Nc6 f5 50. Ne7 Bf6 51. Ng8+ Kg7 52. Kd6 Bc3
53. Bd5 g5 54. Ne7 Bb4+ 55. Ke6 Bxe7 56. Kxe7 g4 1/2-1/2

[Event "1 division 2002/03"]
[Site "Denmark"]
[Date "2003.03.16"]
[Round "7.1"]
[White "Pilgaard, Kim"]
[Black "Skytte, Rasmus"]
[Result "0-1"]
[WhiteElo "2432"]
[BlackElo "2402"]
[PlyCount "66"]
[EventDate "2002.11.03"]
[EventType "team-tourn"]
[EventRounds "7"]
[EventCountry "DEN"]
[WhiteTeam "Bronshoj"]
[BlackTeam "Aarhus"]
[WhiteTeamCountry "DEN"]
[BlackTeamCountry "DEN"]

1. e4 g6 2. d4 Bg7 3. Nc3 d5 4. Nf3 Nf6 5. Bd3 dxe4 6. Nxe4 Nbd7 7. Qe2 Nxe4 8.
Qxe4 Nf6 9. Qh4 Bg4 10. Be2 O-O 11. O-O Qd5 12. Re1 c6 13. c3 Rfe8 14. Bg5 Qf5
15. h3 Bxf3 16. Bxf3 e5 17. dxe5 Rxe5 18. Qf4 Rae8 19. Rxe5 Rxe5 20. Qxf5 Rxf5
21. Bd2 Rb5 22. b3 Nd7 23. c4 Rxb3 24. Re1 Rb2 25. Re8+ Nf8 26. Be3 Rxa2 27.
Re7 Rb2 28. Bxa7 Bf6 29. Re8 Kg7 30. g3 Ne6 31. Bg4 Bd4 32. Bxd4+ Nxd4 33. Rb8
f5 0-1

[Event "1 division 2002/03"]
[Site "Denmark"]
[Date "2003.03.16"]
[Round "7.3"]
[White "Bromann, Thorbjorn"]
[Black "Pedersen, Daniel V"]
[Result "0-1"]
[WhiteElo "2366"]
[BlackElo "2344"]
[PlyCount "94"]
[EventDate "2002.11.03"]
[EventType "team-tourn"]
[EventRounds "7"]
[EventCountry "DEN"]
[WhiteTeam "Bronshoj"]
[BlackTeam "Aarhus"]
[WhiteTeamCountry "DEN"]
[BlackTeamCountry "DEN"]

1. b3 d5 2. Bb2 c5 3. e3 a6 4. f4 Nc6 5. Nf3 d4 6. Na3 g6 7. c3 dxe3 8. dxe3
Bg7 9. Bd3 Qc7 10. O-O Nh6 11. Ng5 e5 12. c4 Bg4 13. Qe1 O-O-O 14. Be4 f6 15.
h3 Bd7 16. Nf3 exf4 17. Bd5 Rhe8 18. e4 Nf5 19. Nc2 Ng3 20. Rf2 Bf5 21. Nd2 g5
22. a3 Bg6 23. b4 Ne5 24. Bxe5 Rxe5 25. bxc5 Qxc5 26. Rb1 Rd7 27. Nb4 Qe3 28.
c5 Nxe4 29. Nxe4 Bxe4 30. Bxe4 Rxe4 31. Qf1 Rd2 32. c6 Qxf2+ 33. Qxf2 Rxf2 34.
Kxf2 f5 35. Rc1 Bb2 36. Rc2 Bxa3 37. Nd5 bxc6 38. Rxc6+ Kb7 39. Rc7+ Kb8 40.
Rxh7 Bc5+ 41. Kf1 Ra4 42. h4 Ra1+ 43. Ke2 Ra2+ 44. Kd3 Rxg2 45. hxg5 f3 46. Rh1
f2 47. Ke2 Rg1 0-1

[Event "1 division 2002/03"]
[Site "Denmark"]
[Date "2003.03.16"]
[Round "7.4"]
[White "Andersen, Jackie"]
[Black "Brinck Claussen, Bjorn"]
[Result "0-1"]
[WhiteElo "2274"]
[BlackElo "2359"]
[PlyCount "62"]
[EventDate "2002.11.03"]
[EventType "team-tourn"]
[EventRounds "7"]
[EventCountry "DEN"]
[WhiteTeam "Aarhus"]
[BlackTeam "Bronshoj"]
[WhiteTeamCountry "DEN"]
[BlackTeamCountry "DEN"]

1. d4 d5 2. Nf3 Nf6 3. Bf4 c5 4. e3 Qb6 5. Nc3 a6 6. Be2 cxd4 7. Qxd4 Qxd4 8.
exd4 Bf5 9. O-O-O Nc6 10. Ne5 Rc8 11. g4 Be6 12. g5 Nxe5 13. dxe5 Ne4 14. Nxe4
dxe4 15. Rd4 Bxa2 16. Rb4 Bd5 17. e6 fxe6 18. Be5 Rg8 19. Rd1 Rc5 20. g6 hxg6
21. f3 Bc6 22. Bd4 Ra5 23. fxe4 e5 24. Bc3 e6 25. Rc4 Ra1+ 26. Kd2 Rxd1+ 27.
Kxd1 Bd6 28. Bg4 Kd7 29. Be1 Rf8 30. Bg3 Rf1+ 31. Ke2 Rb1 0-1